000
00242 a2200097 4500
001
55041
100
_a
245
_a
Fourier transforms in radar and signal processing
260
_a
Boston
_b
Chapman Hall
_c
2003
090
_c
34145
_d
34145
942
_a
NUST-CAE
_c
MONOGRAPH
_c
26831
999
_c
290114
_d
290114